Faculty of Law Library — Cairo University

Official Online Catalog

Theorie Du Code Penal. (Record no. 71640)

MARC details
000 -LEADER
fixed length control field 01132nam a2200325 i 4500
003 - CONTROL NUMBER IDENTIFIER
control field EG-GICUC
005 - DATE AND TIME OF LATEST TRANSACTION
control field 20260418125927.0
008 - FIXED-LENGTH DATA ELEMENTS--GENERAL INFORMATION
fixed length control field 260418s1872 fr |||fr|||| 00| 0 fre d
040 ## - CATALOGING SOURCE
Original cataloging agency EG-GiCUC
Language of cataloging fre
Transcribing agency EG-GiCUC
Modifying agency EG-GiCUC
Description conventions Rda
041 0# - LANGUAGE CODE
Language code of text/sound track or separate title fre
082 04 - DEWEY DECIMAL CLASSIFICATION NUMBER
Edition number 21
Classification number 343.101
Item number AD . T
092 04 - LOCALLY ASSIGNED DEWEY CALL NUMBER (OCLC)
Edition number 21
099 ## - LOCAL FREE-TEXT CALL NUMBER (OCLC)
Classification number Law1 10 343.101 AD . T 1872
100 10 - MAIN ENTRY--PERSONAL NAME
Personal name Adolphe, M.chauveau
Relator term Auteur
245 10 - TITLE STATEMENT
Title Theorie Du Code Penal.
Number of part/section of a work Tome Cinquième /
Statement of responsibility, etc. M. Chauveau Adolphe,m. Faustin Helie.
250 ## - EDITION STATEMENT
Edition statement Cinquieme Edition
Remainder of edition statement Eentierement Revue Et Consiterablement Augmente
264 #1 - PRODUCTION, PUBLICATION, DISTRIBUTION, MANUFACTURE, AND COPYRIGHT NOTICE
Place of production, publication, distribution, manufacture Paris :
Name of producer, publisher, distributor, manufacturer Imprimerie Et Librairie Generale De Jurisbrudence,
Date of production, publication, distribution, manufacture, or copyright notice 1872.
300 ## - PHYSICAL DESCRIPTION
Extent 670 page ;
Dimensions 24 cm.
336 ## - CONTENT TYPE
Source rda contenu
Content type term texte
337 ## - MEDIA TYPE
Source rda medias
Media type term Ordinateur
338 ## - CARRIER TYPE
Source transporteur rda
Carrier type term Ressource en ligne
546 ## - LANGUAGE NOTE
Language note Texte en français
650 14 - SUBJECT ADDED ENTRY--TOPICAL TERM
Topical term or geographic name entry element Droit Pénal Général
General subdivision PhilosoPhie et Theories
Source of heading or term qrmak
650 14 - SUBJECT ADDED ENTRY--TOPICAL TERM
Topical term or geographic name entry element Droit Do Pénal
651 1# - SUBJECT ADDED ENTRY--GEOGRAPHIC NAME
Source of heading or term qrmak
700 1# - ADDED ENTRY--PERSONAL NAME
Personal name Helie, M.chauveau
Relator term Co-Auteur
856 40 - ELECTRONIC LOCATION AND ACCESS
Uniform Resource Identifier <a href="https://fll.law.cu.edu.eg/fulltext/bks/B10-09999.pdf">https://fll.law.cu.edu.eg/fulltext/bks/B10-09999.pdf</a>
905 ## - Cataloger and Reviser Names
Cataloger Name: Yasmin Sayed
942 ## - ADDED ENTRY ELEMENTS (KOHA)
Source of classification or shelving scheme Dewey Decimal Classification
Koha item type Books
Edition 21
Suppress in OPAC No
Holdings
Withdrawn status Lost status Source of classification or shelving scheme Damaged status Not for loan Collection Home library Current library Date acquired Total checkouts Full call number Barcode Date last seen Copy number Price effective from Koha item type
    Dewey Decimal Classification   Not for loan القانون الجنائي جــــامعة القــاهرة مكتبة كلية الحقوق - المبنى الرئيسي 18.04.2026   Law1 10 343.101 AD . T 5 ed - 1872 1009999 V5, C1 B10-09999 18.04.2026 1 18.04.2026 Books

© All rights reserved — Faculty of Law, Cairo University